000 00636nas a2200229 4500
001 BR2012009206
003 BR-BrBNA
005 20231205121600.0
007 ta
008 230509b bl.|||p| |||| 00| 00por d
040 _aBR-BrBNA
_bpor
_cBiblioteca Nacional de Agricultura
041 _a(Pt)
072 _aF30; F01
100 1 _aGermek, E.B.
245 1 _aAs primaveras de Campinas
650 _aPLANTA ORNAMENTAL
650 _aBUGANVILIA
650 _aVARIEDADE
773 0 _tO Agronômico (Brazil)
_xISSN 0365-2726
_g(2004), v. 56(1) p. 35
_wBR2012009206
909 _a202311
_bLúcia
_c55
_dLúcia Elande
942 _2AGRIS
_n0
_cANA
999 _c224235
_d224235